14 Times Table Game - Statistics

General Stats
  • This quiz has been taken 14,180 times
    11,777 since last reset
  • The average score is 12 of 14
Answer Stats
Problem Answer % Correct
14 x 1 14
94%
14 x 2 28
91%
14 x 3 42
89%
14 x 4 56
88%
14 x 5 70
88%
14 x 6 84
86%
14 x 8 112
85%
14 x 10 140
85%
14 x 7 98
85%
14 x 9 126
84%
14 x 11 154
83%
14 x 12 168
81%
14 x 13 182
79%
14 x 14 196
79%
No matching quizzes found
Score Distribution
Percent of People with Each Score
Percentile by Number Answered
Your Score History
You have not taken this quiz since the last reset